Nadnárodní sociální politika v procesu transformace.
Transformácia plánovanej ekonomiky. Prečo musí byť transformačný proces v reformujúcich sa krajinách podporený opatreniami sociálnej politiky, aby bol zaručený plynulý prechod ku kapitalizmu a demokracii. Poskytovanie dostatočnej sociálno-politickej podpory zo Západu a umožňovanie prijateľnosti refo...
Saved in:
| Main Author: | |
|---|---|
| Format: | Book Chapter |
| Language: | Czech |
| Subjects: | |
| Tags: |
No Tags, Be the first to tag this record!
|
MARC
| LEADER | 00000naa a2200000 4500 | ||
|---|---|---|---|
| 001 | r013537 | ||
| 005 | 20221205080442.4 | ||
| 041 | 0 | |a cze | |
| 044 | |a CZ | ||
| 245 | 1 | 0 | |a Nadnárodní sociální politika v procesu transformace. |c G. Votruba |
| 520 | |a Transformácia plánovanej ekonomiky. Prečo musí byť transformačný proces v reformujúcich sa krajinách podporený opatreniami sociálnej politiky, aby bol zaručený plynulý prechod ku kapitalizmu a demokracii. Poskytovanie dostatočnej sociálno-politickej podpory zo Západu a umožňovanie prijateľnosti reforiem vo východných krajinách. Podmienky pre poskytovanie pomoci zo zahraničia. | ||
| 610 | 2 | 0 | |a politika sociálna |
| 610 | 2 | 0 | |a transformácia |
| 610 | 2 | 0 | |a východná Európa |
| 610 | 2 | 0 | |a reformy hospodárske |
| 610 | 2 | 0 | |a pomoc rozvojová |
| 100 | 1 | |a Votruba, G. | |